| 000 | 00644nam a22001457a 4500 | ||
|---|---|---|---|
| 020 | _a978-0-141-32492-0 | ||
| 082 |
_a823 _bKIN/D |
||
| 100 | _aKINNEY, JEFF | ||
| 245 |
_aDIARY OF A WIMPY KID _bTHE LAST STRAW |
||
| 260 |
_aUNITED KINGDOM _bPUFFIN BOOKS _c2009 |
||
| 300 | _a216 | ||
| 520 | _aOnce again Gregory “Greg” Heffley meanders through half a semester of middle school and captures his thoughts in a journal. Rodrick, his older brother, is still a bully; Manny, his younger brother, is still spoiled; and Rowley, his best friend, is someone Greg continues to use. | ||
| 650 |
_aYOUNG ADULT COMEDY FICTION _zUNITED KINGDOM |
||
| 942 | _cBK | ||
| 999 |
_c6172 _d6172 |
||